[Event "45th Olympiad 2024"]
[Site "Budapest HUN"]
[Date "2024.09.15"]
[Round "5.28"]
[Board "3"]
[White "Wafa, Hamed"]
[Black "Miezis, Normunds"]
[Result "1-0"]
[WhiteElo "2368"]
[BlackElo "2417"]
[PlyCount "97"]
[EventDate "2024.09.11"]
[WhiteTeam "Egypt"]
[BlackTeam "Latvia"]
[WhiteTeamCountry "EGY"]
[BlackTeamCountry "LAT"]

1. e4 c5 2. Nf3 e6 3. d4 cxd4 4. Nxd4 a6 5. c4 Nf6 6. Nc3 Qc7 7. a3 b6 8. f4 Bb7 9. Bd3 d6 10. f5 e5 11. Nc2 Nbd7 12. Nb4 $146 ({RR} 12. Bg5 Be7 13. O-O h6 14. Bxf6 Nxf6 15. Kh1 O-O 16. Qe2 Rfc8 17. Ne3 Qd8 18. Ng4 Rab8 19. Nxf6+ Bxf6 20. Rad1 Qc7 21. Rf3 Qc5 22. Qf2 Bc6 23. Bf1 Qxf2 24. Rxf2 Be7 25. a4 Rd8 26. Rfd2 g6 {½-½ Becker,T (2111)-Lohvinov,P (2237) 94th ch-Bavaria 2023 (4.5)}) ({RR} 12. Bg5 Be7 13. Ne3 h6 14. Bxf6 Nxf6 15. Qe2 O-O 16. O-O Rfc8 17. Kh1 Rab8 18. Rac1 b5 19. cxb5 axb5 20. Rcd1 Qc5 21. Ng4 b4 22. axb4 Qxb4 23. Rd2 Rc5 24. Nf2 Ra8 25. Rfd1 Kf8 26. h3 Rca5 {0-1 Boggarapu,K (1990)-Vaibhav,J (2071) 48th Sitges Open 2024 (3.33)}) ({RR} 12. Bg5 Be7 13. O-O h6 14. Bh4 Nc5 15. Ne3 O-O 16. Kh1 Qd8 17. Bxf6 Bxf6 18. Bc2 Bg5 19. Ng4 Rc8 20. Qe2 b5 21. cxb5 axb5 22. Rad1 Qb6 23. Ne3 Na4 24. Ncd5 Bxd5 25. Nxd5 Qc5 26. Bxa4 bxa4 {1-0 Fodor,T (2470)-Gal,H (2192) 71st ch-HUN 2023 (2.8)}) 12... Be7 13. O-O Nc5 14. Nbd5 Qd8 15. Nxe7 Kxe7 16. Bg5 h6 17. Bh4 b5 18. b4 Nxd3 19. Qxd3 bxc4 20. Qxc4 Qb6+ 21. Kh1 Rhc8 22. Nd5+ Bxd5 23. Qxd5 Qb5 24. Qd2 Rc4 25. Rfe1 Qc6 26. Rad1 Rd8 27. Qe3 Rc8 28. h3 Rc3 29. Rd3 Rxd3 30. Qxd3 Qc4 31. Qe3 Rc7 32. Bxf6+ gxf6 33. Qxh6 Qc2 34. Qe3 Rc3 35. Qa7+ Kf8 36. Qxa6 Rd3 37. a4 Qc3 38. Rb1 Qc2 39. Rg1 Kg7 40. a5 Qe2 41. Qc4 d5 42. exd5 Kf8 43. Qh4 Ke7 44. b5 Rxd5 45. Qb4+ Ke8 46. b6 Rd4 47. Qb1 Rd8 48. b7 Rb8 49. Qb6 1-0

[Event "45th Olympiad 2024"]
[Site "Budapest HUN"]
[Date "2024.09.15"]
[Round "5.28"]
[Board "4"]
[White "Starostits, Ilmars"]
[Black "Sadek, Sameh"]
[Result "1/2-1/2"]
[WhiteElo "2344"]
[BlackElo "2269"]
[PlyCount "164"]
[EventDate "2024.09.11"]
[WhiteTeam "Latvia"]
[BlackTeam "Egypt"]
[WhiteTeamCountry "LAT"]
[BlackTeamCountry "EGY"]

1. d4 Nf6 2. Nf3 e6 3. e3 b6 4. Bd3 Bb7 5. O-O c5 6. b3 g6 7. Nbd2 ({RR} 7. Bb2 Bg7 8. dxc5 bxc5 9. e4 O-O 10. e5 Nh5 11. Nc3 Bxf3 12. Qxf3 Nc6 13. Na4 Nxe5 14. Bxe5 Bxe5 15. Rae1 Qc7 16. g3 Bg7 17. c4 f5 18. Bc2 Bd4 19. Nc3 a6 20. Ne2 Bg7 21. Rd1 Nf6 {0-1 Stefanova,A (2485)-Indjic,A (2643) Lindores Abbey Blitz Tal Memorial 2021 (15.27)}) 7... Bg7 8. Bb2 d5 ({RR} 8... O-O 9. c4 Nc6 10. Qe2 d6 11. a3 Qe7 12. Rad1 Rad8 13. Bb1 Rfe8 14. h3 d5 15. dxc5 bxc5 16. Rfe1 a5 17. Nf1 a4 18. bxa4 Na5 19. cxd5 exd5 20. Ba2 Bc6 21. Bc3 Qc7 22. Qd2 Ne4 23. Bxa5 {0-1 Obon Temprano,S (2194)-Buchenau,F (2135) Titled Tue 21st Nov Late 2023 (11)}) 9. dxc5 $146 ({RR} 9. Qe2 Ne4 10. Bb5+ Nd7 11. Nxe4 dxe4 12. Ne5 Bxe5 13. dxe5 a6 14. Bxd7+ Qxd7 15. Rfd1 Qc7 16. Rd6 O-O 17. Rad1 Bd5 18. c4 Bc6 19. h4 Rac8 20. h5 Qe7 21. Qg4 g5 22. f4 exf3 23. gxf3 Kh8 {½-½ Euwe,M-Tschepurnoff,A Amateur Olympiad Final A 1924 (3)}) ({RR} 9. Ne5 O-O 10. f4 Nbd7 11. Qe2 Ne4 12. Rad1 Qe7 13. Qf3 Nxd2 14. Rxd2 f6 15. Nxd7 Qxd7 16. Rdf2 e5 17. fxe5 fxe5 18. Qe2 exd4 19. exd4 Rae8 20. Rxf8+ Rxf8 21. Bb5 Rxf1+ 22. Qxf1 Qg4 23. Qe2 Bxd4+ {0-1 Diehlmann,F (1589)-Werm,P (1939) GER-ch Net qual2 U18 blitz 2009 (2)}) 9... bxc5 10. c4 O-O 11. cxd5 exd5 12. Rc1 Nbd7 13. Qc2 Qe7 14. Rfd1 Rac8 15. Qb1 Rfe8 16. Qa1 Nh5 17. Bxg7 Nxg7 18. Qb2 Bc6 19. Qa3 f5 20. Ba6 Rb8 21. Ne1 Ne6 22. Nef3 Rb6 23. Bf1 Qf6 24. g3 a5 25. Bg2 Ra8 26. Rc2 a4 27. Qc1 axb3 28. Nxb3 Rba6 29. Rdd2 Kh8 30. h4 h6 31. Ne1 c4 32. Nd4 Nxd4 33. exd4 Kg7 34. Re2 R8a7 35. Nf3 Ba8 36. Qe1 Nf8 37. Re5 Rxa2 38. Rxa2 Rxa2 39. h5 Ra6 40. Nh4 Re6 41. Nxg6 Rxe5 42. Nxe5 Qb6 43. Nf3 Qe6 44. Qa5 Qc8 45. Qa7+ Bb7 46. Ne1 Nd7 47. Qa3 Qe8 48. Nc2 Qxh5 49. Ne3 Qf7 50. Qd6 f4 51. gxf4 Nf6 52. Qe5 Kh7 53. Bh3 Bc6 54. Bf5+ Kg7 55. Bc2 Bd7 56. Kf1 Kf8 57. f5 Qe7 58. Qf4 Kg7 59. Qg3+ Kf8 60. Ng2 Ne4 61. Qb8+ Kf7 62. Qf4 Qg5 63. Qxg5 hxg5 64. Ne3 Nf6 65. Ke2 Ke7 66. Kf3 Be8 67. Kg3 Bh5 68. f4 gxf4+ 69. Kxf4 Bf7 70. Bb1 Kd6 71. Bc2 Ke7 72. Nd1 Kd6 73. Nc3 Ke7 74. Bd1 Kd6 75. Bf3 Bg8 76. Kg5 Ke7 77. Bd1 Ne4+ 78. Nxe4 dxe4 79. Kf4 Bd5 80. Bc2 c3 81. Bb1 Kf6 82. Bc2 Ke7 1/2-1/2

[Event "45th Olympiad 2024"]
[Site "Budapest HUN"]
[Date "2024.09.15"]
[Round "5.29"]
[Board "1"]
[White "Gazik, Viktor"]
[Black "Wiedenkeller, Michael"]
[Result "1-0"]
[WhiteElo "2561"]
[BlackElo "2406"]
[PlyCount "61"]
[EventDate "2024.09.11"]
[WhiteTeam "Slovakia"]
[BlackTeam "Luxembourg"]
[WhiteTeamCountry "SVK"]
[BlackTeamCountry "LUX"]

1. e4 e5 2. Nf3 Nc6 3. Bb5 Nf6 4. d3 Bc5 5. c3 O-O 6. O-O d6 7. Re1 Ne7 8. d4 Bb6 9. a4 c6 10. Bf1 Ng6 11. Nbd2 Re8 ({RR} 11... h6 12. Qc2 Be6 13. b4 a5 14. bxa5 Rxa5 15. Ba3 Re8 16. Rab1 d5 17. exd5 Bxd5 18. Nc4 Bxc4 19. Bxc4 e4 20. Nd2 Bc7 21. Rxb7 Qc8 22. Qb3 Rd5 23. Bxd5 cxd5 24. Nf1 Nf4 25. Ne3 Ba5 26. Bc5 {1-0 Sethuraman,S (2603)-Grischuk,A (2732) Chessable Play-In Match D2 2024 (1.1)}) 12. Qc2 $146 ({RR} 12. h3 h6 13. Qc2 Bc7 14. dxe5 Nxe5 15. Nxe5 Rxe5 16. Nc4 Re6 17. Bf4 d5 18. Bxc7 Qxc7 19. exd5 Nxd5 20. Bd3 Bd7 21. Bh7+ Kf8 22. Bf5 Rxe1+ 23. Rxe1 Re8 24. Rxe8+ Bxe8 25. Qd2 b6 26. Be4 Nf6 {½-½ Bjerre,J (2601)-Kryvoruchko,Y (2683) Bundesliga 2122 2022 (6.3)}) ({RR} 12. h3 h6 13. Qc2 Be6 14. b4 Bc7 15. c4 exd4 16. Nxd4 a5 17. b5 Bb6 18. Bb2 Rc8 19. bxc6 bxc6 20. N2b3 Nd7 21. Nf5 Bxf5 22. exf5 Rxe1 23. Rxe1 Ngf8 24. Bc3 Nh7 25. Qd2 Nc5 26. Nxc5 Bxc5 {½-½ Sethuraman,S (2620)-Sargissian,G (2664) FIDE Grand Swiss 2021 (2)}) 12... exd4 13. cxd4 Ba5 14. Re2 Nf4 15. Re3 d5 16. e5 Ng4 17. Rea3 Ng6 18. Nb1 f6 19. h3 Nh6 20. Bxh6 gxh6 21. Bd3 Kg7 22. Rb3 Bc7 23. Nbd2 fxe5 24. dxe5 Nxe5 25. Bxh7 Qd6 26. Nh4 Qf6 27. Ndf3 Rb8 28. Nxe5 Rxe5 29. Rf3 Qd6 30. Bf5 Be6 31. Rg3+ 1-0

[Event "45th Olympiad 2024"]
[Site "Budapest HUN"]
[Date "2024.09.15"]
[Round "5.29"]
[Board "2"]
[White "Berend, Fred"]
[Black "Haring, Filip"]
[Result "1/2-1/2"]
[WhiteElo "2230"]
[BlackElo "2503"]
[PlyCount "69"]
[EventDate "2024.09.11"]
[WhiteTeam "Luxembourg"]
[BlackTeam "Slovakia"]
[WhiteTeamCountry "LUX"]
[BlackTeamCountry "SVK"]

1. d4 d5 2. c4 e6 3. Nf3 a6 4. Bg5 Be7 5. Bxe7 Nxe7 6. e3 Nd7 7. Nc3 O-O 8. Qc2 ({RR} 8. Rc1 dxc4 9. Bxc4 c5 10. dxc5 Nxc5 11. b4 Qxd1+ 12. Rxd1 Nd7 13. O-O b5 14. Bb3 Nf6 15. Ne5 Ra7 16. Nd3 Bb7 17. Nc5 Bd5 18. Nxd5 Nfxd5 19. a3 a5 20. e4 Nc3 21. Rd2 axb4 22. axb4 Rfa8 {½-½ Nakamura,H (2746)-Carlsen,M (2835) Wch Rapid St Petersburg 2018 (15)}) 8... h6 9. Rc1 $146 ({RR} 9. h4 dxc4 10. Bxc4 b5 11. Bd3 Bb7 12. Ne4 Rc8 13. Nc5 Nxc5 14. Qxc5 Bxf3 15. gxf3 Qd5 16. Qxe7 c5 17. Rg1 Kh8 18. Ke2 cxd4 19. Rxg7 Rc2+ 20. Bxc2 d3+ 21. Bxd3 Kxg7 22. Rg1+ {1-0 Chigaev,M (2622)-Fieberg,S (2157) Titled Tue 20th Feb Early 2024 (1)}) 9... dxc4 10. Bxc4 b5 11. Be2 Bb7 12. O-O Rc8 13. a4 c5 14. axb5 Bxf3 15. Bxf3 cxd4 16. exd4 axb5 17. Qb3 Qc7 18. Nd5 Qd6 19. Nxe7+ Qxe7 20. Qxb5 Rb8 21. Qe2 Qd6 22. Rfd1 Nf6 23. Rd2 Rb4 24. Rc6 Qb8 25. Rc4 Rxc4 26. Qxc4 Rc8 27. Qf1 Qb4 28. Qd1 Rd8 29. g3 h5 30. h4 g6 31. b3 Qc3 32. Rd3 Qb2 33. Rd2 Qc3 34. Rd3 Qb2 35. Rd2 1/2-1/2

[Event "45th Olympiad 2024"]
[Site "Budapest HUN"]
[Date "2024.09.15"]
[Round "5.29"]
[Board "3"]
[White "Sahidi, Samir"]
[Black "Berend, Elvira"]
[Result "1/2-1/2"]
[WhiteElo "2474"]
[BlackElo "2219"]
[PlyCount "148"]
[EventDate "2024.09.11"]
[WhiteTeam "Slovakia"]
[BlackTeam "Luxembourg"]
[WhiteTeamCountry "SVK"]
[BlackTeamCountry "LUX"]

1. Nf3 d5 2. c4 e6 3. g3 Nf6 4. Bg2 dxc4 5. Qa4+ Bd7 6. Qxc4 c5 7. O-O Bc6 8. b3 Be7 9. Bb2 O-O 10. d3 Nbd7 11. Nbd2 Rc8 12. Rfd1 $146 ({RR} 12. Qc2 b6 13. a3 Qc7 14. Rac1 Qb7 15. Nc4 Qa8 16. e4 a5 17. a4 Qa7 18. Qe2 Rb8 19. Nfe5 Nxe5 20. Nxe5 Ba8 21. d4 cxd4 22. Bxd4 Bc5 23. Bxc5 bxc5 24. Qe3 Rfc8 25. Rc3 Rc7 26. Rfc1 Rbc8 {½-½ Del Rey,D (2374)-Efremov,V (2217) Rilton Cup 49th 2019 (5)}) ({RR} 12. Qc2 b5 13. Rac1 Qb6 14. e4 Rfd8 15. Rfd1 Qb7 16. Qb1 a5 17. Ne1 Ra8 18. Nc2 a4 19. Ne3 axb3 20. axb3 Rac8 21. Nf3 h6 22. Bc3 Rb8 23. Ne1 Qa8 24. Qa1 Rb6 25. Qxa8 Rxa8 26. Ra1 Rba6 {½-½ Gutkin,I (2041)-Post,H (2113) GER-ch U16 Willingen 2019 (3)}) ({RR} 12. Qc2 b6 13. Rac1 Qc7 14. Qb1 Qb7 15. Nc4 Rfd8 16. Rfd1 Ne8 17. a3 Bf6 18. b4 cxb4 19. Bxf6 Ndxf6 20. axb4 a6 21. Nce5 Ba4 22. Ng5 Rd5 23. Rxc8 Qxc8 24. Rc1 Qb8 25. Nexf7 h6 26. Nxh6+ gxh6 {½-½ Duer,W (2224)-Halvax,G (2419) AUT-chT 1718 2017 (7.5)}) 12... b5 13. Qc1 Nb6 14. Ne5 Bxg2 15. Kxg2 Nfd7 16. Ng4 Nf6 17. Nxf6+ Bxf6 18. Bxf6 Qxf6 19. Qa3 Qe7 20. Rac1 f5 21. Qa6 Qd7 22. Nf3 f4 23. Rd2 fxg3 24. hxg3 Rf5 25. a4 bxa4 26. bxa4 Rcf8 27. d4 cxd4 28. Rxd4 Qf7 29. Qd3 h6 30. Rd8 Rxd8 31. Qxd8+ Qf8 32. Qxf8+ Kxf8 33. Nd4 Ra5 34. Rc7 g5 35. Nxe6+ Kg8 36. Nd4 Nxa4 37. Nc6 Ra6 38. Nxa7 Nc3 39. Rxc3 Rxa7 40. f4 Re7 41. Kf3 g4+ 42. Kf2 Kg7 43. Rc6 Kh7 44. Rd6 Re4 45. e3 Ra4 46. Ke2 Ra3 47. Rd3 Ra2+ 48. Rd2 Ra3 49. Kf2 Kg6 50. e4 Rf3+ 51. Kg2 Re3 52. Rd6+ Kh5 53. Rd5+ Kg6 54. e5 Kf5 55. Rd6 h5 56. Rh6 Ke4 57. e6 Re2+ 58. Kf1 Kf3 59. f5 h4 60. Rxh4 Ra2 61. Ke1 Ra5 62. Rh7 Ke3 63. Kd1 Rxf5 64. Kc2 Re5 65. e7 Kf3 66. Kd3 Kxg3 67. Kd4 Re1 68. Kd5 Kg2 69. Kd6 g3 70. Rh6 Rxe7 71. Kxe7 Kf2 72. Rf6+ Ke2 73. Rg6 Kf2 74. Rxg3 Kxg3 1/2-1/2

[Event "45th Olympiad 2024"]
[Site "Budapest HUN"]
[Date "2024.09.15"]
[Round "5.29"]
[Board "4"]
[White "Gengler, Pierre"]
[Black "Kostolansky, Sebastian Lukas"]
[Result "0-1"]
[WhiteElo "2097"]
[BlackElo "2405"]
[PlyCount "52"]
[EventDate "2024.09.11"]
[WhiteTeam "Luxembourg"]
[BlackTeam "Slovakia"]
[WhiteTeamCountry "LUX"]
[BlackTeamCountry "SVK"]

1. e4 c5 2. Nf3 e6 3. d4 cxd4 4. Nxd4 a6 5. g3 d5 6. Bg2 dxe4 7. O-O f5 ({RR} 7... Nf6 8. Nc3 Nbd7 9. Nxe4 Nxe4 10. Bxe4 Nf6 11. Bg2 Be7 12. c3 O-O 13. Qe2 Qc7 14. Bf4 Bd6 15. Bxd6 Qxd6 16. Rfd1 Qc7 17. Nf3 Bd7 18. Ne5 Rfd8 19. h4 Bb5 20. c4 Be8 21. b4 a5 22. b5 {1-0 Jumabayev,R (2654)-Grinev,V (2441) Titled Tuesday intern op 23rd June blitz 2020 (3)}) ({RR} 7... Nf6 8. Nc3 Bc5 9. Be3 Nbd7 10. Nxe4 Nxe4 11. Bxe4 Qb6 12. b4 Qxb4 13. Rb1 Qa3 14. Rb3 Qxa2 15. Nxe6 fxe6 16. Bxc5 Nxc5 17. Qh5+ Kf8 18. Qxc5+ Kg8 19. Qe7 g6 20. Rf3 e5 21. Rf8# {1-0 Sun,R (2139)-Nikologorsky,M (2182) Titled Tue 9th Jan Late 2024 (3)}) 8. g4 $146 ({RR} 8. Bf4 Nf6 9. Nc3 Bc5 10. Nb3 Qxd1 11. Raxd1 Ba7 12. Bd6 Nc6 13. h3 Kf7 14. Bc5 Bxc5 15. Nxc5 b6 16. Rd6 bxc5 17. Rxc6 Rb8 18. b3 Rd8 19. Rxc5 Bb7 20. Rd1 Rbc8 21. Rc4 Rxc4 22. bxc4 Rxd1+ {0-1 Sharaibi,O (2132)-Vehi Bach,V (2411) Badalona op 34th 2008 (5)}) ({RR} 8. Be3 e5 9. Nb3 Qxd1 10. Rxd1 Nc6 11. Nc3 Be6 12. Nc5 Bxc5 13. Bxc5 Nf6 14. b4 Rc8 15. Na4 Kf7 16. Nb6 Rcd8 17. c4 Nd7 18. Nxd7 Rxd7 19. Rxd7+ Bxd7 20. Bf1 Be6 21. b5 Na5 22. bxa6 bxa6 {0-1 Bakos,S-Bilek,I HUN-ch17 Budapest 1962 (13)}) ({RR} 8. Bf4 Nf6 9. Nc3 Bd6 10. Nde2 Bxf4 11. Qxd8+ Kxd8 12. Nxf4 Nc6 13. Na4 Kc7 14. c4 g5 15. Ne2 e5 16. Rfc1 Be6 17. Rab1 Rad8 18. Nc5 Rhe8 19. b4 Nd4 20. Nxe6+ Rxe6 21. Nc3 Kb8 22. a4 Rc8 {0-1 Saborido Bua,J (2057)-Salgado Lopez,O (2125) Burgas op 10th 2001 (8)}) 8... Nf6 9. gxf5 exf5 10. Nc3 Bd6 11. Bh3 g6 12. Bh6 Be5 13. Nce2 Ng4 14. f4 Bxd4+ 15. Nxd4 Nxh6 16. c3 O-O 17. Qb3+ Nf7 18. Rad1 Qh4 19. Bg2 Nc6 20. Nc2 Qe7 21. Ne3 Be6 22. c4 Rad8 23. Qc3 Rxd1 24. Rxd1 Rd8 25. Rd5 Bxd5 26. Nxd5 Qc5+ 0-1

[Event "45th Olympiad 2024"]
[Site "Budapest HUN"]
[Date "2024.09.15"]
[Round "5.30"]
[Board "1"]
[White "Gascon Del Nogal, Jose Rafael"]
[Black "Lee, Junhyeok"]
[Result "0-1"]
[WhiteElo "2454"]
[BlackElo "2364"]
[PlyCount "44"]
[EventDate "2024.09.11"]
[WhiteTeam "Venezuela"]
[BlackTeam "South Korea"]
[WhiteTeamCountry "VEN"]

1. d4 Nf6 2. c4 g6 3. Nc3 Bg7 4. e4 d6 5. h4 h5 6. f3 ({RR} 6. Nh3 c5 7. d5 b5 8. cxb5 a6 9. Ng5 O-O 10. a4 axb5 11. Bxb5 Ba6 12. O-O Bxb5 13. Nxb5 Nbd7 14. Bd2 Qb6 15. b3 Ne8 16. Bc3 Nc7 17. Bxg7 Kxg7 18. Nxc7 Qxc7 19. Qf3 Ne5 20. Qxf7+ Nxf7 {1-0 Vlachos,A (2461)-Lopez del Alamo,A (2240) Titled Tue 27th Aug Early 2024 (7)}) 6... O-O 7. Bg5 c5 8. d5 Nh7 $146 ({RR} 8... a6 9. a4 Qa5 10. Bd2 e6 11. Nge2 exd5 12. Nxd5 Qd8 13. Nec3 Nc6 14. Bg5 Be6 15. Qd2 Nd4 16. Rd1 Bxd5 17. Nxd5 Ne6 18. Nc3 Nxg5 19. hxg5 Nd7 20. f4 Re8 21. Qxd6 Qa5 22. Kf2 Rad8 23. Qd2 {1-0 Morozevich,A (2748)-Wang,H (2737) Beijing Sportaccord blitz 2012 (6)}) 9. Be3 e6 10. Qd2 exd5 11. Nxd5 Nc6 12. Ne2 Be6 13. Rd1 Bxd5 14. cxd5 Ne5 15. Nc3 f5 16. exf5 gxf5 17. Kf2 Qf6 18. g3 Rae8 19. Rc1 Qf7 20. Ne2 Nf6 21. Bg5 Ne4+ 22. fxe4 fxe4+ 0-1

[Event "45th Olympiad 2024"]
[Site "Budapest HUN"]
[Date "2024.09.15"]
[Round "5.30"]
[Board "2"]
[White "Ahn, Hongjin"]
[Black "Ynojosa Aponte, Felix Jose"]
[Result "0-1"]
[WhiteElo "2251"]
[BlackElo "2398"]
[PlyCount "94"]
[EventDate "2024.09.11"]
[WhiteTeam "South Korea"]
[BlackTeam "Venezuela"]
[BlackTeamCountry "VEN"]

1. e4 c5 2. Nf3 a6 3. c3 b5 4. d4 Bb7 ({RR} 4... cxd4 5. cxd4 Bb7 6. Bd3 e6 7. O-O Nf6 8. Re1 Bb4 9. Bd2 Bxd2 10. Nbxd2 d6 11. a4 O-O 12. axb5 axb5 13. Rxa8 Bxa8 14. Qb3 Nc6 15. Qxb5 Qe7 16. d5 Rb8 17. Qc4 Nb4 18. dxe6 Qxe6 19. Qxe6 {1-0 Saric,I (2657)-Kozak,A (2571) Julius Baer Play-In 2023 (9.56)}) ({RR} 4... cxd4 5. cxd4 Bb7 6. Bd3 Nf6 7. Qe2 e6 8. O-O Be7 9. Bg5 h6 10. Bh4 d5 11. Bxf6 Bxf6 12. e5 Be7 13. Nbd2 Nc6 14. a3 Na5 15. Bc2 Rc8 16. Rfc1 Nc4 17. Nxc4 dxc4 18. Be4 Bd5 19. h3 {0-1 Estrada Nieto,J (2199)-Postny,E (2597) Titled Tue 27th Feb Late 2024 (8)}) 5. Bd3 e6 6. a4 $146 ({RR} 6. Qe2 Nf6 7. Nbd2 d5 8. e5 Nfd7 9. b3 Nc6 10. Bb2 Rc8 11. Rc1 Be7 12. O-O O-O 13. Bb1 Re8 14. Rfd1 cxd4 15. cxd4 Nf8 16. Nf1 Qb6 17. Ng3 a5 18. a3 Ba6 19. Qd2 Ng6 20. Ne2 Ra8 {½-½ Cioroianu,I (2240)-Tomescu,V (2435) ROM-chT Romania 1993 (9)}) ({RR} 6. Bf4 Nf6 7. Qe2 Be7 8. O-O cxd4 9. cxd4 d6 10. Nbd2 Nc6 11. h3 O-O 12. Rac1 Nh5 13. Be3 g6 14. e5 Nb4 15. Bb1 Nd5 16. Ne4 Nxe3 17. Qxe3 Bxe4 18. Bxe4 d5 19. Bb1 Qd7 20. g4 Ng7 {1-0 Csoke,A (2145)-Palko,G (2075) HUN-ch (Women) 1992 (4)}) ({RR} 6. Bg5 Qb6 7. Nbd2 h6 8. Bh4 d6 9. Rc1 Nd7 10. O-O c4 11. Bb1 e5 12. b3 cxb3 13. axb3 Be7 14. Re1 Ngf6 15. Nf1 O-O 16. Ne3 Rfe8 17. Nf5 Bf8 18. d5 g6 19. Bxf6 Nxf6 20. Ng3 h5 {0-1 Fischer,M (1778)-Hellwege,W (2010) Niedersachsen-ch Seniors 36th 2002 (5)}) 6... c4 7. Bc2 d5 8. e5 b4 9. Nbd2 Nc6 10. Nf1 b3 11. Bb1 f5 12. g4 g6 13. gxf5 exf5 14. h4 Qd7 15. h5 Bg7 16. Ng3 Nge7 17. hxg6 hxg6 18. Rxh8+ Bxh8 19. Nh4 Qe6 20. a5 O-O-O 21. Bg5 Rf8 22. Ng2 Qf7 23. Qe2 Bg7 24. Ra4 Rh8 25. Qe3 Kb8 26. Qf4 Ka8 27. Ne3 Qe8 28. Bxe7 Nxe7 29. Rb4 Qd8 30. Qf3 Qxa5 31. Nxc4 Qxb4 32. cxb4 dxc4 33. Be4 fxe4 34. Qf7 Bh6 35. Qxc4 Rc8 36. Qe6 Rc1+ 37. Ke2 Nd5 38. Qe8+ Rc8 39. Qa4 Nf4+ 40. Ke3 Nd3+ 41. Ke2 Rc2+ 42. Kf1 Rxf2+ 43. Kg1 e3 44. d5 e2 45. Nxe2 Rxe2 46. Qxb3 Be3+ 47. Kh1 Nf4 0-1

[Event "45th Olympiad 2024"]
[Site "Budapest HUN"]
[Date "2024.09.15"]
[Round "5.30"]
[Board "3"]
[White "Escalona Landi, Samid Eduardo"]
[Black "Lee, Kyungseok"]
[Result "1-0"]
[WhiteElo "2305"]
[BlackElo "2044"]
[PlyCount "159"]
[EventDate "2024.09.11"]
[WhiteTeam "Venezuela"]
[BlackTeam "South Korea"]
[WhiteTeamCountry "VEN"]

1. Nf3 {Stohl,Igor} d5 2. c4 e6 3. g3 Nf6 4. b3 d4 5. Bg2 Be7 6. O-O O-O 7. e3 Nc6 ({RR} 7... c5 8. exd4 cxd4 9. d3 Nc6 10. Qe2 ({RR} 10. Re1 Nd7 11. Na3 Bb4 ({RR} 11... e5 12. Nc2 a5 13. a3 ({RR} 13. Rb1 Rb8 14. a3 b5 15. cxb5 ({RR} 15. Nd2 Qc7 16. Bxc6 Qxc6 17. Nxd4 exd4 18. Rxe7 Nc5) 15... Rxb5 16. Nh4 Ndb8 17. Nf3 Be6 18. b4 axb4 19. axb4 f6 20. Bd2 Qd7 21. Qe2 Rc8) 13... f6 ({RR} 13... Rb8 14. b4) 14. Rb1 Nc5 15. b4 axb4 16. axb4 Na4 17. Bd2 Bf5 18. b5 Nb8 19. Nfxd4 exd4 20. Bxb7 Ra7 21. Bd5+ Kh8 22. Nxd4 Bxd3 ({RR} 22... Bc8 23. Ra1 Bc5 24. Nb3 Qb6 25. d4 Bxd4 26. Nxd4 Qxd4 27. Be3 Qxd1 28. Rexd1 Ra5 29. Rd2) 23. Ne6 Qc8 24. Ra1 Bxc4 25. Qg4 Bb4 26. Bxb4) 12. Re2 e5 13. Nc2 Bc3 14. Rb1 a5 15. a3 Re8 16. b4 axb4 17. axb4 e4 18. Rxe4 Rxe4 19. dxe4 Nde5 20. Nxe5 ({RR} 20. Bf4 d3 21. Ne3 Nxf3+ 22. Qxf3 Nd4 23. Qh5 Ne2+ 24. Kh1 Be6) 20... Nxe5 21. Ne3 ({RR} 21. c5 Bg4 22. f3 d3 23. Ne3 Qd4 24. Kh1 Be6) 21... Be6 22. Nd5 Nxc4 23. Bf4 h6) ({RR} 10. Na3 e5 ({RR} 10... Nd7 11. Nc2 a5 12. Nfxd4 Nxd4 13. Nxd4 Bf6 14. Be3 Nb8 15. Nb5 Bxa1 16. Qxa1 Na6 17. Qc3 f6 18. a3 e5 19. c5 Rb8 20. d4 exd4 21. Qc4+ Kh8 22. Bf4 Ra8 23. Rd1 Re8 24. Nd6) 11. Nc2 Bf5 12. Re1 Nd7 13. Rb1 a5 14. a3 Bf6 15. b4 axb4 16. axb4 Re8 17. Rb3 e4) ({RR} 10. Bg5) 10... a5 ({RR} 10... Ne8 11. Na3 f6 12. Nc2 Nc7 13. a3 a5 14. Rb1 Rb8 15. Nd2 Na6 16. Bb2 ({RR} 16. f4) 16... e5 17. f4 exf4 18. gxf4 ({RR} 18. Rxf4) 18... Bc5 19. Bd5+) ({RR} 10... Nd7 11. Na3 e5 12. Nc2 f6 13. a3 a5 14. Rb1 ({RR} 14. Bd2) 14... Ra7 ({RR} 14... Nc5) 15. Nd2 Kh8 16. f4 ({RR} 16. b4) 16... Nc5 17. f5 Bd7 18. Ne4 b6 19. g4 Nxe4 20. Bxe4 Nb8 21. Ne1 Bc6 22. Nf3 Bxe4 23. Qxe4 Na6) 11. Na3 ({RR} 11. Ne5 Qb6) ({RR} 11. Bb2 a4 12. bxa4 Rxa4 13. Nbd2) 11... a4 12. Bb2 ({RR} 12. Nc2 axb3 13. axb3 Rxa1 14. Nxa1 Qb6) ({RR} 12. bxa4 Nd7 13. Nb5 e5) 12... Nd7 13. Nb5 e5 14. Nd2 Nc5 ({RR} 14... a3 15. Bc1) 15. Ba3 Bf5 ({RR} 15... Ne6 16. Bxe7 Qxe7 17. Ne4 Rd8) 16. Bxc5 ({RR} 16. Bxc6 bxc6 17. Qxe5 Bxd3 18. Rfe1 cxb5 19. Qxe7 ({RR} 19. Bxc5 Bf6) 19... Qxe7 20. Rxe7 Ne6 21. Rxe6) 16... Bxc5 17. Kh1 ({RR} 17. Ne4 Qe7 ({RR} 17... Be7)) 17... Bg6 18. Ne4 Be7 19. f4 f5 ({RR} 19... exf4 20. gxf4) 20. Nd2 exf4 21. gxf4 ({RR} 21. Rxf4 Bg5) ({RR} 21. Bd5+ Kh8 22. gxf4) 21... Re8 ({RR} 21... Bf7) 22. Qe6+ {0-1 Kamsky,G (2720)-Shirov,A (2745) Bazna Kings 3rd 2009 (1)} ({RR} 22. Bxc6 bxc6 23. Qe6+ Bf7 24. Qxc6 Rc8 25. Qg2 Bf6)) 8. Re1 $146 ({RR} 8. exd4 Nxd4 9. Bb2 Bc5 ({RR} 9... Bc5) 10. Nc3 Nxf3+ 11. Qxf3 Bd4 12. Rab1 e5 13. Na4 c6 14. Bxd4 Qxd4 15. Qe3 Rd8 16. Rfe1 Bf5 17. Rb2 e4 18. Nc3 Rd7 19. h3 h6 20. Re2 a6 21. Rb1 Qxe3 22. dxe3 Rad8 {½-½ Khomeriki,N (2304)-Golubov,S (2484) Somov Memorial 14th 2016 (7)}) ({RR} 8. exd4 Nxd4 9. Bb2 Nxf3+ 10. Qxf3 Rb8 11. Qe2 b6 12. Nc3 Bb7 13. Rad1 Bxg2 14. Kxg2 c6 15. Ne4 Nxe4 ({RR} 15... Rb7 16. Ng5 Nd7 17. Nf3 Bf6 18. d4 Qc8 19. Nd2) 16. Qxe4 Rc8) ({RR} 8. exd4 Nxd4 9. Bb2 Bc5 10. d3 Nxf3+ 11. Bxf3 Bd4 12. Nc3 c6 13. Re1 e5 14. Qc2 Bf5 15. Rad1 Re8 16. Ne2 Bxb2 17. Qxb2 Qc7 18. d4 exd4 19. Nxd4 Bg6 20. Kg2 h6 21. b4 Rxe1 22. Rxe1 Rd8 {½-½ Maurizzi,M (2597)-Bellahcene,B (2516) Titled Tue 6th Feb Late 2024 (3)}) ({RR} 8. exd4 Nxd4 9. Bb2 Nxf3+ 10. Qxf3 Rb8 11. Qe2 b6 12. Nc3 Bb7 13. Rad1 Bxg2 14. Kxg2 c6 15. Ne4 Rb7 16. Ng5 Nd7 17. Nf3 Bf6 18. d4 Qc8 19. Nd2 c5 20. Ne4 Bxd4 21. Bxd4 cxd4 22. Rxd4 Nc5 {1-0 Botvinnik,M-Stahlberg,G Olympiad-11 Final A 1954 (1)}) ({RR} 8. exd4 Nxd4 9. Bb2 Bc5 10. Na3 Nxf3+ 11. Qxf3 e5 12. b4 Bd4 13. Bxd4 Qxd4 14. Qe3 Rd8 15. Nb5 Qxe3 16. dxe3 c6 17. Nc7 Rb8 18. b5 Rd7 19. Rfd1 Kf8 20. Rxd7 Bxd7 21. Rb1 Rc8 22. bxc6 Bxc6 {½-½ Arslanov,S (2405)-Golubov,S (2233) Chigorin Memorial 21st 2013 (7)}) 8... e5 9. Bb2 Bg4 10. h3 Bh5 11. e4 Nd7 12. d3 a5 13. a3 Nc5 14. Qc2 Ra6 15. Nbd2 Rb6 16. Rab1 Qd7 17. Bc1 Bg6 18. g4 h5 19. Nh2 Bg5 20. Bf3 h4 21. Bg2 Qe7 22. Nhf3 Bf4 23. Kh1 Bh7 24. Ng1 g5 25. Ne2 Bxd2 26. Bxd2 f6 27. b4 axb4 28. axb4 Nxb4 29. Rxb4 Nxd3 30. Qxd3 Rxb4 31. Qa3 c5 32. Bxb4 cxb4 33. Qb3 Qc5 34. Nc1 Rc8 35. Nd3 Qxc4 36. Qxc4+ Rxc4 37. Rb1 Bg6 38. Nxb4 d3 39. Nxd3 Rxe4 40. Rxb7 Re2 41. Nc5 Rxf2 42. Kg1 Rc2 43. Bd5+ Kf8 44. Ne4 Bxe4 45. Bxe4 Rc3 46. Kg2 Rg3+ 47. Kh2 Re3 48. Bg6 Rf3 49. Rf7+ Kg8 50. Kg2 Rf4 51. Rc7 Kf8 52. Bh5 Kg8 53. Bg6 Kf8 54. Rd7 Kg8 55. Rf7 e4 56. Re7 Rf3 57. Bxe4 Rg3+ 58. Kh2 Kf8 59. Ra7 Re3 60. Bg6 Re2+ 61. Kg1 Re3 62. Kg2 Rg3+ 63. Kf2 Rxh3 64. Rf7+ Kg8 65. Rxf6 Kg7 66. Rc6 Ra3 67. Bf5 Ra2+ 68. Ke3 Ra8 69. Rg6+ Kf7 70. Rxg5 Rh8 71. Be4 h3 72. Rf5+ Ke6 73. Bd5+ Kd6 74. Kf2 Rh4 75. Kg3 Rh8 76. Bh1 Ke7 77. Rf2 Ke6 78. Be4 Ke5 79. Bg6 Ke6 80. Bh5 1-0